000 00568nam a22001697a 4500
005 20251108164039.0
008 250721s1997 xx 000 0 ara d
082 1 4 _a216,7/عبد
100 1 _aالبراك، عبد الملك
245 1 0 _aردود على أباطل و شبهات حول الجهاد :
_bدراسة علمية شاملة ... /
264 1 _aعمان :
_bالنور للإعلام الإسلامي،
_c1997.
300 _a351ص
650 1 7 _aالجهاد
650 1 7 _aدفع المطاعن عن الإسلام
942 _2ddc
_cBK
999 _c2273
_d2273